000 00573nam a22001937a 4500
008 130809t sp ||||| |||| 00| spa0 d
020 _a1573225142
050 0 4 _aPN81
_bB56 1995
100 1 _aBloom, Harold
245 1 4 _aThe western canon :
_bthe books and school of the ages /
_cHarold Bloom
250 _a1a ed.
260 _aNew York : :
_bRiverhead Books,
_c1995
300 _ax, 546 p. ;
_c23 cm.
500 _aEdición en ingles
504 _aIncluye índice
650 4 _aCanon (Literatura)
650 4 _aLiteratura
_xHistoria y critica
942 _2lcc
_cLIB
999 _c69434
_d69434